Lumbering, Part 7 /

This documentary, produced by the Ford Motor Company, features lumberjacks felling and stacking trees.

Bibliographic Details
Format: eBook
Language:English
Language Notes:In English.
Original language in English.
Published: Detroit, MI : Ford Motor Company, 1921.
Series:Ford Educational Library
Subjects:
Online Access:Connect to this streaming video (Alexander Street Press)

MARC

Tag First Indicator Second Indicator Subfields
LEADER 00000cgm a2200000Mi 4500
001 in00005599331
006 m o c
007 cr |n|||||||||
008 160329s1921 miu001 e o vueng d
005 20241201234027.4
035 |a (OCoLC)on1113766314 
040 |a UHL  |b eng  |e rda  |c UHL 
019 |a 1373463442 
035 |a (OCoLC)1113766314  |z (OCoLC)1373463442 
049 |a TXAM 
245 0 0 |a Lumbering, Part 7 /  |c by Ford Motor Company. 
264 1 |a Detroit, MI :  |b Ford Motor Company,  |c 1921. 
300 |a 1 online resource (1 minutes). 
306 |a 000049 
336 |a two-dimensional moving image  |b tdi  |2 rdacontent 
337 |a video  |b v  |2 rdamedia 
337 |a computer  |b c  |2 rdamedia 
338 |a other  |b vz  |2 rdacarrier 
338 |a online resource  |b cr  |2 rdacarrier 
347 |a data file  |2 rda 
490 0 |a Ford Educational Library 
500 |a Title from resource description page (viewed March 29, 2016). 
520 |a This documentary, produced by the Ford Motor Company, features lumberjacks felling and stacking trees. 
546 |a In English. 
546 |a Original language in English. 
650 4 |a World War I & Jazz Age (1914-1928) 
650 4 |a Trees. 
650 4 |a Lumber. 
655 4 |a Documentary. 
856 4 0 |u http://proxy.library.tamu.edu/login?url=https://www.aspresolver.com/aspresolver.asp?AVN2;2308310  |z Connect to this streaming video (Alexander Street Press)  |t 0 
955 |a Alexander Street Press subscription streaming video 
994 |a 92  |b TXA 
999 f f |s a2c8ee39-52cb-4e83-ba4a-ccf76ccf0590  |i fc3fd8f4-2ae7-4057-b467-fd8118c00b7b  |t 0 
952 f f |a Texas A&M University  |b College Station  |c Electronic Resources  |d Available Online  |t 0  |h Library of Congress classification 
998 f f |t 0  |l Available Online